00840nam a2200229 i 4500001000700000003000900007005001700016007000300033008004100036020001800077080002400095100003100119245011200150260003500262300003000297500004300327500002400370651004300394852003300437999001900470952012100489125428ES-MaACL20230906192627.0t|070611s1991 be ||||1| fre d a2-87106-036-3 a913(493.21 B.)(036)1 aGilde, Véronique.95692710aMuser a Bruxelles b: tous les musées, les parcs et jardins, l'art dans le métro / cVéronique Gilon. aBruxelles : bLe Cri, c[1991] a209 p. : bil. ; c18 cm. aBiblioteca Jacinto Martínez Lacalle. aIndice: p. 201-208. 4aBruselas-vGuías turísticas.97897 aES-MaACLje-11661 bR.139108 c125428d125428 00104070aATENEOMbATENEOMcDEPOd2008-01-17eSCl0oe-11661p1130666r2023-02-23 00:00:00w2023-02-23yMONOGRAFIA